CHYBOU JE -

Bibliographic Details
Main Author: Sabanošová, Zdenka (Author)
Format: Article
Language:Slovak

MARC

LEADER 00000nab a2200000 a 4500
001 vtls010728148
003 SK-MaSNL
005 20260304191916.0
008 250709s1979 xo |||||||||||||||||slo|
035 |a (urnnbn)urn:nbn:sk:snk:ar-a051ry 
035 |a (uuid)2a7e043d-123b-4624-a1aa-74e026d4fe9b 
035 |a urn:nbn:sk:snk-ab3rg5 
040 |a SNKBUCL  |b slo  |c SNKBUCL  |e AACR2 
041 0 |a slo 
044 |a xo  |c SK 
100 1 |a Sabanošová, Zdenka  |4 aut  |9 1524793 
245 1 0 |a CHYBOU JE -  |c Zdenka Sabanošová 
773 0 |t My MD : bulletin kolektívu muskulárnych dystrofikov  |g Roč. 13, č. 3 (1979), s. 24-25 
850 |a Slovenská národná knižnica 
852 |a Slovenská národná knižnica 
954 |a odborná, vedecká literatúra pôvodná (slovenská)  |2 lita 
958 |a article1 
958 |a OND 
958 |a EUIPO 
999 |c 3057310  |d 3059240